000 00358nam a2200145Ia 4500
003 OSt
005 20240110153622.0
008 170524s9999 xx 000 0 und d
020 _a9780070600881
040 _ciimt university meerut
100 _aHILL- CHARLES W
245 0 _aInternational Business
260 _bTATA MCGRAW HILL NEW DELHI
942 _2ddc
_c02
999 _c8504
_d8504